Statistics for Isolated Capitals Looking Southwards

Click here to take the quiz!

General Stats

  • This quiz has been taken 34 times
  • The average score is 9 of 20

Answer Stats

D (km) CAPITAL CITYCLOSEST CAPITAL HINT% Correct
--- WellingtonWellington
89%
2,330 CanberraVictoria
86%
2,083 JakartaDili
71%
2,101 TokyoDili
71%
2,377 DiliWellington
64%
1,534 Washington
57%
2,462 Port MoresbyWellington
50%
2,231 MaleBogota
50%
10,097 MontevideoMontevideo
50%
2,040 MelekeokTripoli
50%
2,628 Port LouisPort-Vila
43%
1,554 VictoriaNassau
43%
2,425 Nuku'alofaPort Moresby
39%
1,612 CairoWindhoek
36%
7,683 MaseruMaputo
29%
1,862 RabatSana'a
25%
1,763 MuscatCairo
25%
1,742 TripoliKhartoum
25%
1,573 LuandaMoroni
25%
2,101 ParamariboTaipei
14%

Score Distribution

Percentile by Number Answered

Percent of People with Each Score

Your Score History

You have not taken this quiz